Normal view
MARC view
Entry Personal Name
001 - CONTROL NUMBER
- control field: 8790
003 - CONTROL NUMBER IDENTIFIER
- control field: OSt
005 - DATE AND TIME OF LATEST TRANSACTION
- control field: 20211028145726.0
008 - FIXED-LENGTH DATA ELEMENTS
- fixed length control field: 211028|| aca||aabn | a|a d
040 ## - CATALOGING SOURCE
- Original cataloging agency: OSt
- Transcribing agency: OSt
100 ## - HEADING--PERSONAL NAME
- Personal name: Pranam; Nausheeda B S.
- Miscellaneous information: 161925
670 ## - SOURCE DATA FOUND
- Source citation: Work cat.: (OSt): Pranam; Nausheeda B S. 161925, WMS application insights dashboard., 2018